[Event "BCF-chT3N 1617 (4NCL)"]
[Site "England"]
[Date "2017.01.15"]
[Round "4.63"]
[White "Adams, Philip"]
[Black "Adam, David W"]
[Result "1-0"]
[WhiteElo "2057"]
[BlackElo "1757"]
[PlyCount "63"]
[EventDate "2016.11.26"]
[EventType "team-swiss"]
[EventRounds "11"]
[EventCountry "ENG"]
[SourceTitle "EXT 2019"]
[Source "ChessBase"]
[SourceDate "2018.10.10"]
[SourceVersion "1"]
[SourceVersionDate "2018.10.10"]
[SourceQuality "1"]
[WhiteTeam "3CS Oldham II"]
[BlackTeam "Bradford DCA Knights III"]
[WhiteTeamCountry "ENG"]
[BlackTeamCountry "ENG"]

1. e4 c5 2. Nf3 d6 3. Bb5+ Nd7 4. 0-0 Ngf6 5. Re1 e6 6. c3 Be7 7. d4 0-0 8. Nbd2 Nb6 9. a4 a6 10. Bd3 Nbd7 11. Nf1 b6 12. e5 dxe5 13. dxe5 Nd5 14. Qc2 h6 15. Qe2 f5 16. exf6 N7xf6 17. Ng3 Bd6 18. Ne4 Bc7 19. Nxf6+ Nxf6 20. Rd1 Qe8 21. Ne5 Bb7 22. Bg6 Qc8 23. c4 Bxe5 24. Qxe5 Ng4 25. Qg3 Rxf2 26. Rd2 Rxd2 27. Bxd2 Nf6 28. Bc3 Qf8 29. Rf1 Qe7 30. Bxf6 gxf6 31. Be4+ Kf7 32. Qg6+ 1-0

[Event "Figueira da Foz op 10th"]
[Site "Figueira da Foz"]
[Date "2016.10.30"]
[Round "1"]
[White "Jakubowski, Krzysztof"]
[Black "Adams, Philip"]
[Result "1-0"]
[WhiteElo "2520"]
[BlackElo "1976"]
[PlyCount "86"]
[EventDate "2016.10.30"]
[EventType "swiss"]
[EventRounds "9"]
[EventCountry "POR"]
[SourceTitle "CBM 175 Extra"]
[Source "ChessBase"]
[SourceDate "2016.12.12"]
[SourceVersion "1"]
[SourceVersionDate "2016.12.12"]
[SourceQuality "1"]

1. c4 f5 2. d4 Nf6 3. Nc3 e6 4. a3 Be7 5. Bf4 d6 6. h3 0-0 7. e3 Nbd7 8. Nf3 Ne4 9. g4 Nxc3 10. bxc3 c6 11. gxf5 exf5 12. Bd3 Qa5 13. Qb3 Kh8 14. h4 c5 15. h5 Nf6 16. d5 Rb8 17. a4 a6 18. Ra3 Ng4 19. Qb1 b5 20. cxb5 axb5 21. Bxb5 Bb7 22. Nh4 Bxd5 23. f3 Bxh4+ 24. Rxh4 Ne5 25. Bxe5 dxe5 26. Kf2 f4 27. exf4 exf4 28. h6 Qc7 29. Rg4 g6 30. c4 Be6 31. Qb2+ Kg8 32. Rg5 Rf7 33. Qe5 Qxe5 34. Rxe5 Rf6 35. a5 Rd8 36. a6 Ra8 37. Rxc5 Ra7 38. Rd3 Kf7 39. Rd8 Rf5 40. Rxf5+ Bxf5 41. Rb8 Kf6 42. Rb7 Ra8 43. Rxh7 Ke6 1-0